| 000 | 01101cam a2200313 a 4500 | ||
|---|---|---|---|
| 999 |
_c3602 _d3602 |
||
| 001 | 2120620 | ||
| 003 | OSt | ||
| 005 | 20191207130747.0 | ||
| 008 | 961028s1996 enka b 001 0 eng d | ||
| 010 | _a 96230439 | ||
| 020 | _a0521495318 (hbk.) | ||
| 020 | _a0521498821 (pbk.) | ||
| 035 | _a(OCoLC)35802714 | ||
| 040 |
_aTxU _cTxU _dDLC |
||
| 042 | _alccopycat | ||
| 050 | 0 | 4 |
_aQH603.I54 _bA33 1996 |
| 082 | 0 | 0 |
_a530 AID 1996 _221 |
| 100 | 1 |
_aAidley, David J.; Stanfield, Peter R. _98041 |
|
| 245 | 1 | 0 |
_aIon Channels: _bmolecules in action |
| 260 |
_bCambridge University Press, _c1996. |
||
| 300 |
_axii, 307 p. : _bill. ; _c26 cm. |
||
| 504 | _aIncludes bibliographical references (p. [267]-300) and index. | ||
| 650 | 0 |
_aIon molecules _98042 |
|
| 856 | 4 | 2 |
_3Publisher description _uhttp://www.loc.gov/catdir/description/cam028/96230439.html |
| 856 | 4 | 1 |
_3Table of contents _uhttp://www.loc.gov/catdir/toc/cam025/96230439.html |
| 906 |
_a7 _bcbc _ccopycat _d2 _encip _f19 _gy-gencatlg |
||
| 942 |
_2ddc _cSLOAN |
||